|
|
|
|
| LEADER |
00000nam a2200000 4500 |
| 003 |
SK-BrCVT |
| 005 |
20220617224926.0 |
| 008 |
100826s2010 gw e ||||||cze d |
| 035 |
|
|
|a CVTIDW0002408
|
| 040 |
|
|
|b slo
|a CVTI SR
|e AACR2
|
| 041 |
0 |
|
|a cze
|
| 044 |
|
|
|a gw
|
| 080 |
|
|
|a 621.337.2
|2 UDC-MRF
|
| 080 |
|
|
|a 531.714
|2 UDC-MRF
|
| 080 |
|
|
|a 531.7
|2 UDC-MRF
|
| 110 |
2 |
|
|a TESTO AG (Lenzkirch)
|4 aut
|
| 245 |
1 |
0 |
|a Meřicí přístroje pro kontrolu kvality a měření spotřeby tlakového vzduchu.
|
| 250 |
|
|
|a [1. vyd.]
|
| 260 |
|
|
|a [S.l.] :
|b [s.n.],
|c [2010]
|
| 300 |
|
|
|a 7 s. :
|b fotogr., obr., tab. ;
|
| 653 |
1 |
|
|a snímač
|
| 653 |
1 |
|
|a merací prístroj
|
| 653 |
1 |
|
|a meranie prietoku stlačeného vzduchu
|
| 653 |
1 |
|
|a meranie spotreby stlačeného vzduchu
|
| 710 |
2 |
|
|a K-TEST (Košice, Slovensko)
|4 com
|
| 856 |
4 |
|
|u http://www.ktest.sk
|
| 910 |
|
|
|b F030514
|
| 959 |
|
|
|a 4512
|
| 959 |
|
|
|a 2901
|
| 974 |
|
|
|a agnesa.remenarova
|f Firemná literatúra
|
| 992 |
|
|
|a FFP
|
| 999 |
|
|
|c 158863
|d 158863
|